Countries with the Highest Male to Female Ratio - Statistics

General Stats
  • This quiz has been taken 1,178 times
    1,173 since last reset
  • The average score is 8 of 20
Answer Stats
Males to Every Female Country % Correct
1.06 China
92%
1.07 India
80%
1.29 Saudi Arabia
69%
2.46 Qatar
63%
1.38 Oman
62%
2.74 United Arab Emirates
62%
1.78 Kuwait
58%
1.33 Bahrain
54%
1.05 Afghanistan
51%
1.15 Jordan
45%
1.06 Libya
32%
1.13 Bhutan
28%
1.26 Palau
17%
1.10 Samoa
17%
1.08 Cyprus
13%
1.05 Marshall Islands
12%
1.06 Papua New Guinea
11%
1.08 Seychelles
10%
1.06 Saint Vincent and the Grenadines
6%
1.08 Montenegro
3%
No matching quizzes found
Score Distribution
Percent of People with Each Score
Percentile by Number Answered
Your Score History
You have not taken this quiz since the last reset